|
|
|
|
| LEADER |
00000nam0a2200000 4500 |
| 001 |
284537 |
| 005 |
20231101235714.0 |
| 020 |
|
|
|a RU
|b 85-35222
|
| 035 |
|
|
|a (RuTPU)RU\TPU\book\308707
|
| 090 |
|
|
|a 284537
|
| 100 |
|
|
|a 20150216d1985 km y0rusy5003 ca
|
| 101 |
0 |
|
|a rus
|
| 102 |
|
|
|a RU
|
| 105 |
|
|
|a a z 000zy
|
| 200 |
1 |
|
|a Сухопутные войска СССР. Зарождение. Развитие. Современность
|f И. Г. Павловский
|
| 210 |
|
|
|a Москва
|c Воениздат
|d 1985
|
| 215 |
|
|
|a 318 с.
|c ил., карт.
|
| 606 |
1 |
|
|a Сухопутные войска
|2 stltpush
|3 (RuTPU)RU\TPU\subj\58339
|9 76133
|
| 610 |
1 |
|
|a история
|
| 610 |
1 |
|
|a СССР
|
| 610 |
1 |
|
|a Вооруженные Силы
|
| 610 |
1 |
|
|a военная наука
|
| 610 |
1 |
|
|a Гражданская война 1918-1921
|
| 610 |
1 |
|
|a Великая Отечественная война 1941-1945
|
| 610 |
1 |
|
|a рода войск
|
| 686 |
|
|
|a Ц51
|v LBC/SL-A
|2 rubbk
|
| 700 |
|
1 |
|a Павловский
|b И. Г.
|g Иван Григорьевич
|4 070
|
| 801 |
|
0 |
|a RU
|b RuMRKP
|c 19950704
|g psbo
|
| 801 |
|
1 |
|a RU
|b 63413507
|c 20150216
|
| 801 |
|
2 |
|a RU
|b 63413507
|c 20170530
|g RCR
|
| 942 |
|
|
|c BK
|